| 000 | 01191cam a2200301Mi 4500 | ||
|---|---|---|---|
| 001 | ocn758332297 | ||
| 003 | TZ-ArACH | ||
| 005 | 20150821105653.0 | ||
| 008 | 110210s2010 fr f 000 0 fre d | ||
| 020 | _a9782953805109 (Br) | ||
| 020 | _a2953805109 (Br) | ||
| 035 | _a(OCoLC)758332297 | ||
| 040 |
_aZWZ _encafnor _bfre _cTZ-ArACH |
||
| 041 | _aFre | ||
| 049 | _aTZAA | ||
| 050 |
_aHV8593 _b.A26 |
||
| 110 | 2 |
_aAction des chrétiens pour l'abolition de la torture-ACAT (France). _eAuteur. _917460 |
|
| 245 | 1 | 3 |
_aMonde tortionnaire: rapport 2010 _h[Texte imprimé] : _brapport 2010 / _cACAT-France. |
| 260 |
_aParis (7 rue Georges-Lardennois, 75019) : _bACAT France, _c2010 _e(Condé-sur-Noireau : _fImpr. Corlet) |
||
| 300 |
_a1 vol. (372 p.) ; _c24 cm. |
||
| 500 | _aRapport annuel de l'ACAT. | ||
| 650 | 7 |
_aDroits de l'homme. _2ram _917461 |
|
| 650 | 7 |
_aVictimes de torture. _2ram _917462 |
|
| 650 | 7 |
_aDroits de l'homme (droit international). _2ram _917463 |
|
| 650 | 7 |
_aTorture (droit international). _2ram _917464 |
|
| 942 |
_2lcc _cBOOK |
||
| 999 |
_c3184 _d3184 |
||